Loading...
| 0 | 7 | 0 | 2 | 70 | 87 | 124.86 | 0 | 5 | 0.00 | 0.00 | |
| Literature - British | 1 | 2 | 0 | 0 | 35 | 68 | 92.67 | 2 | 2 | 0.00 | 0.00 |
| Science - Chemistry | 0 | 3 | 0 | 1 | 30 | 92 | 95.67 | 1 | 2 | 0.00 | 0.00 |
| History - World | 0 | 3 | 0 | 0 | 30 | 72 | 96.00 | 1 | 3 | 0.00 | 0.00 |
| Literature - European | 0 | 3 | 0 | 0 | 30 | 87 | 99.67 | 0 | 2 | 0.00 | 0.00 |
| Science - Physics | 0 | 2 | 0 | 0 | 20 | 93 | 110.00 | 0 | 0 | 0.00 | 0.00 |
| History - American | 0 | 2 | 0 | 0 | 20 | 112 | 120.00 | 0 | 1 | 0.00 | 0.00 |
| History - European | 1 | 1 | 1 | 0 | 20 | 60 | 67.50 | 0 | 2 | 0.00 | 0.00 |
| Science - Biology | 1 | 1 | 1 | 0 | 20 | 79 | 83.50 | 0 | 2 | 0.00 | 0.00 |
| Literature - American | 0 | 2 | 0 | 2 | 20 | 131 | 142.00 | 0 | 2 | 0.00 | 0.00 |
| Other Science: Math | 1 | 0 | 0 | 0 | 15 | 56 | 56.00 | 1 | 1 | 0.00 | 0.00 |
| Other Arts: Auditory | 0 | 1 | 0 | 0 | 10 | 85 | 85.00 | 0 | 1 | 0.00 | 0.00 |
| Fine Arts - Auditory | 0 | 1 | 0 | 1 | 10 | 125 | 125.00 | 0 | 1 | 0.00 | 0.00 |
| Fine Arts - Visual | 0 | 1 | 0 | 1 | 10 | 129 | 129.00 | 0 | 0 | 0.00 | 0.00 |
| Other Academic | 0 | 1 | 0 | 1 | 10 | 135 | 135.00 | 0 | 0 | 0.00 | 0.00 |
| Other Arts: Visual | 0 | 1 | 0 | 1 | 10 | 121 | 121.00 | 0 | 0 | 0.00 | 0.00 |
| Other Science: Astronomy | 0 | 1 | 0 | 0 | 10 | 100 | 100.00 | 0 | 1 | 0.00 | 0.00 |
| Other Science: Earth Science | 0 | 1 | 0 | 1 | 10 | 120 | 120.00 | 0 | 0 | 0.00 | 0.00 |
| Social Science | 0 | 1 | 0 | 0 | 10 | 89 | 89.00 | 0 | 1 | 0.00 | 0.00 |
| Current Events | 0 | 1 | 1 | 0 | 5 | 103 | 103.00 | 1 | 1 | 0.00 | 0.00 |
| Philosophy | 0 | 1 | 2 | 1 | 0 | 132 | 132.00 | 0 | 1 | 0.00 | 0.00 |
| Other Science: Computer Science | 0 | 0 | 1 | 0 | -5 | 0.00 | 0 | 0 | 0.00 | 0.00 | |
| Beliefs | 0 | 0 | 1 | 0 | -5 | 0.00 | 0 | 0 | 0.00 | 0.00 |